Discours et pamphlets / (Record no. 89584)

MARC details
000 -LEADER
campo de control de longitud fija 00560nam a2200181 i 4500
001 - NÚMERO DE CONTROL
campo de control 89584
003 - IDENTIFICADOR DE NÚMERO DE CONTROL
campo de control ES-MaACL
005 - FECHA Y HORA DE LA ÚLTIMA TRANSACCIÓN
campo de control 20230906180226.0
007 - CAMPO FIJO DE DESCRIPCIÓN FÍSICA--INFORMACIÓN GENERAL
campo de control de longitud fija t|
008 - DATOS DE LONGITUD FIJA--INFORMACIÓN GENERAL
campo de control de longitud fija 050111s1903 fr ||||1| fre d
100 1# - ENTRADA PRINCIPAL--NOMBRE DE PERSONA
Nombre de persona Lassalle, Ferdinand.
9 (RLIN) 128724
245 10 - MENCIÓN DEL TÍTULO
Título Discours et pamphlets /
Mención de responsabilidad, etc. de Ferdinand Lasalle ; traduit de l'allemand par Víctor Dave et Leon Remy.
260 ## - PUBLICACIÓN, DISTRIBUCIÓN, ETC.
Lugar de publicación, distribución, etc. [S.l. :
Nombre del editor, distribuidor, etc. s.n.,
Fecha de publicación, distribución, etc. 1903] (
Lugar de fabricación/manufactura Laval :
Fabricante L. Barnéoud)
300 ## - DESCRIPCIÓN FÍSICA
Extensión 364 p. ;
Dimensiones 19 cm.
700 1# - ENTRADA AGREGADA--NOMBRE PERSONAL
Nombre de persona Dave, Victor.
9 (RLIN) 42857
700 1# - ENTRADA AGREGADA--NOMBRE PERSONAL
Nombre de persona Remy, Leon.
9 (RLIN) 96162
852 ## - LOCALIZACIÓN
Ubicación ES-MaACL
Número de control de estantería D-2107
Holdings
Estatus retirado Estado de pérdida Estado de daño No para préstamo Biblioteca de origen Biblioteca actual Ubicación en estantería Fecha de adquisición Fuente de adquisición Total de préstamos Signatura topográfica completa Código de barras Visto por última vez Precio de reemplazo Tipo de ítem Koha
        Biblioteca del Ateneo de Madrid Biblioteca del Ateneo de Madrid Sala Valle Inclán 17/01/2008     D-2107 901093559 23/02/2023 23/02/2023 Libro impreso